| 000 | 00438cam a22001575a 4500 | ||
|---|---|---|---|
| 001 | J100859 | ||
| 008 | 000000s1925 xxk 000 0 eng u | ||
| 035 | _a(Sirsi) u100859 | ||
| 110 |
_aAuctioneers' and Estate Agents' Institute of the United Kingdom _93789 |
||
| 245 | _aAnnual provincial meeting Manchester 1925. | ||
| 260 | _c1925 | ||
| 300 | _a53p. | ||
| 651 | 4 |
_aUnited Kingdom _y |
|
| 690 | _aBusiness and management | ||
| 942 | _n0 | ||
| 999 |
_c99886 _d99886 |
||